000 00437nmm a2200157Ia 4500
008 251105s9999||||xx |||||||||||||||||und||
020 _a9788416848065
041 _aspa
100 _aCintado Valero, Alejandro
245 0 _aConfesiones a la luna
264 _a[Madrid, España] :
_bExLibric,
_c2016
300 _a216 páginas
650 _aSpanish narrative
856 _uhttps://public.digitaliapublishing.com/a/85398
942 _cCF
999 _c78048
_d78048